000 00231nam a2200097Ia 4500
005 20251222114402.0
008 251222s1900||||xx |||||||||||||| ||spa||
082 _aDVD0070/B25/2004
245 0 _aLos Coristas:Les Choristes
942 _cDVD
999 _c1683
_d1683